Tvorba web stránky v redakčnom systéme Joomla!

Salvato in:
Dettagli Bibliografici
Autore principale: Kučera, Erik, 1990- (Autore)
Altri autori: Kozáková, Alena (Relatore della tesi)
Natura: Manoscritto Libro
Lingua:slovacco
Pubblicazione: Bratislava : STU v Bratislave FEI, 2011
Soggetti:
Accesso online:VAIS
Tags: Aggiungi Tag
Nessun Tag, puoi essere il primo ad aggiungerne!!

MARC

LEADER 00000ntm a22000003a 4500
001 stu231312
005 20160526110922.4
008 110713s2011----xo------------------slo-d
040 |a STU  |b slo 
041 0 |a slo 
044 |a xo 
100 1 |a Kučera, Erik,  |d 1990-  |4 aut  |u E400  |U FEI Fakulta elektrotechniky a informatiky  |T FEI Ústav automobilovej mechatroniky  |X 55901  |U E400  |Y 642  |7 A000055901 
242 0 0 |a Creation of website using the content management system Joomla!  |y eng 
245 1 |a Tvorba web stránky v redakčnom systéme Joomla! 
260 |a Bratislava :  |b STU v Bratislave FEI,  |c 2011 
300 |a 61 s 
650 7 |a Aplikovaná informatika  |2 stusub 
650 7 |a Applied Informatics  |2 estusub 
650 7 |a joomla  |2 stusub 
650 7 |a webové aplikácie  |2 stusub 
650 7 |a redakčný systém  |2 stusub 
700 1 |a Kozáková, Alena  |4 ths  |u E010  |T FEI Ústav riadenia a priemyselnej informatiky  |X 4939  |U E010  |Y E010  |7 A000004939 
856 4 |a info a plný text  |u http://is.stuba.sk/zp/portal_zp.pl?podrobnosti=56526  |3 VAIS 
996 |b 284ER00573  |c E*Bc-573  |l EE23  |s P  |a 0  |w stu231312_0001